书目信息 |
| 题名: |
电路分析
|
|
| 作者: | 王楚 , 余道衡 编著 | |
| 分册: | ||
| 出版信息: | 北京 北京大学出版社 2000.09 |
|
| 页数: | 386页 | |
| 开本: | 23cm | |
| 丛书名: | 面向21世纪课程教材 | |
| 单 册: | ||
| 中图分类: | TM133 , TN711.1 | |
| 科图分类: | ||
| 主题词: | 电路分析--dian lu fen xi--高等学校--教材 | |
| 电子资源: | ||
| ISBN: | 7-301-04584-0 | |
| 000 | 00926nam2 2200301 450 | |
| 001 | 0200010110 | |
| 005 | 20050914171350.49 | |
| 010 | @a7-301-04584-0@dCNY 35.00 | |
| 099 | @aCAL 012000928260 | |
| 100 | @a20001221d2000 fkmy0chiy0120 ea | |
| 101 | 0 | @achi |
| 102 | @aCN@b110000 | |
| 105 | @aa a 001yy | |
| 200 | 1 | @a电路分析@Adian lu fen xi@f王楚, 余道衡编著 |
| 210 | @a北京@c北京大学出版社@d2000.09 | |
| 215 | @a386页@c图@d23cm | |
| 225 | 2 | @a面向21世纪课程教材@Amian xiang21 shi ji ke cheng jiao cai@i电路类教材 |
| 320 | @a有书目 (第380页) 和索引 (第381-386页) | |
| 410 | 0 | @12001 @a面向21世纪课程教材 |
| 461 | 0 | @12001 @a面向21世纪课程教材 |
| 462 | 0 | @12001 @a电路类教材 |
| 606 | 0 | @a电路分析@Adian lu fen xi@x高等学校@j教材 |
| 690 | @aTM133@v4 | |
| 690 | @aTN711.1@v4 | |
| 701 | 0 | @a王楚@Awang chu@4编著 |
| 701 | 0 | @a余道衡@Ayu dao heng@4编著 |
| 801 | 0 | @c20050914 |
| 905 | @a10447@dTM133@eW138 | |
| 电路分析/王楚, 余道衡编著.-北京:北京大学出版社,2000.09 |
| 386页:图;23cm.-(面向21世纪课程教材.电路类教材) |
| ISBN 7-301-04584-0:CNY 35.00 |
| ● |
| 相关链接 |
|
|
|
正题名:电路分析
索取号:TM133/W138
 
预约/预借
| 序号 | 登录号 | 条形码 | 馆藏地/架位号 | 状态 | 备注 |
| 1 | 551231 | 205512319 | 自科库301/301自科库 31排3列2层/ [索取号:TM133/W138] | 在馆 | |
| 2 | 551232 | 205512328 | 自科二线404/404自科库 21排6列6层/ [索取号:TM133/W138] | 在馆 | |
| 3 | 551233 | 205512337 | 自科二线404/404自科库 21排6列6层/ [索取号:TM133/W138] | 在馆 |